<?xml version="1.0" encoding="UTF-8"?>
<record
    xmlns:xsi="http://www.w3.org/2001/XMLSchema-instance"
    xsi:schemaLocation="http://www.loc.gov/MARC21/slim http://www.loc.gov/standards/marcxml/schema/MARC21slim.xsd"
    xmlns="http://www.loc.gov/MARC21/slim">

  <leader>00945nam a22002177a 4500</leader>
  <controlfield tag="005">20221029100048.0</controlfield>
  <controlfield tag="008">221010b           ||||| |||| 00| 0 eng d</controlfield>
  <datafield tag="020" ind1=" " ind2=" ">
    <subfield code="a">9789353593704</subfield>
  </datafield>
  <datafield tag="040" ind1=" " ind2=" ">
    <subfield code="c">AL</subfield>
  </datafield>
  <datafield tag="041" ind1=" " ind2=" ">
    <subfield code="a">eng</subfield>
  </datafield>
  <datafield tag="082" ind1=" " ind2=" ">
    <subfield code="2">23</subfield>
    <subfield code="a">658.1511</subfield>
    <subfield code="b">BABA</subfield>
  </datafield>
  <datafield tag="100" ind1=" " ind2=" ">
    <subfield code="a">Prakash Babu R</subfield>
    <subfield code="9">59293</subfield>
  </datafield>
  <datafield tag="245" ind1=" " ind2=" ">
    <subfield code="a">Accounting for management</subfield>
  </datafield>
  <datafield tag="260" ind1=" " ind2=" ">
    <subfield code="a">New Delhi</subfield>
    <subfield code="b">Kalyani Publishers</subfield>
    <subfield code="c">2019</subfield>
  </datafield>
  <datafield tag="300" ind1=" " ind2=" ">
    <subfield code="a">788p.</subfield>
    <subfield code="b">PB</subfield>
    <subfield code="c">24x17cm.</subfield>
  </datafield>
  <datafield tag="365" ind1=" " ind2=" ">
    <subfield code="2">General</subfield>
    <subfield code="a">4532</subfield>
    <subfield code="b">&#x20B9;340.00</subfield>
    <subfield code="c">&#x20B9;</subfield>
    <subfield code="d">&#x20B9;425.00</subfield>
    <subfield code="e">20%</subfield>
    <subfield code="f">28-09-2022</subfield>
  </datafield>
  <datafield tag="520" ind1=" " ind2=" ">
    <subfield code="a">Accounting concepts and conventions; final accounts of sole traders; profit or loss prior to incorporation; final accounts of companies; alteration of share capital buy back of securities and employee stock option; inflation accounting; human resource accounting; introduction to cost accounting.</subfield>
  </datafield>
  <datafield tag="650" ind1=" " ind2=" ">
    <subfield code="2">Managerial Accounting</subfield>
    <subfield code="a">Financial Management</subfield>
    <subfield code="9">59294</subfield>
  </datafield>
  <datafield tag="700" ind1=" " ind2=" ">
    <subfield code="a">Raju, S; Suresh, S; Venkadesh, D</subfield>
    <subfield code="9">59295</subfield>
  </datafield>
  <datafield tag="942" ind1=" " ind2=" ">
    <subfield code="2">ddc</subfield>
    <subfield code="c">BK</subfield>
  </datafield>
  <datafield tag="999" ind1=" " ind2=" ">
    <subfield code="c">224785</subfield>
    <subfield code="d">224785</subfield>
  </datafield>
  <datafield tag="952" ind1=" " ind2=" ">
    <subfield code="0">0</subfield>
    <subfield code="1">0</subfield>
    <subfield code="2">ddc</subfield>
    <subfield code="4">0</subfield>
    <subfield code="7">0</subfield>
    <subfield code="8">MCOM</subfield>
    <subfield code="a">SACPG</subfield>
    <subfield code="b">SACPG</subfield>
    <subfield code="d">2022-10-06</subfield>
    <subfield code="e">Biblios Book Point</subfield>
    <subfield code="g">340.00</subfield>
    <subfield code="l">0</subfield>
    <subfield code="o">658.1511 BABA</subfield>
    <subfield code="p">PG024079</subfield>
    <subfield code="r">2022-10-10 00:00:00</subfield>
    <subfield code="v">425.00</subfield>
    <subfield code="w">2022-10-10</subfield>
    <subfield code="y">BK</subfield>
  </datafield>
</record>
